[Event "SLO-chT Central 22nd"]
[Site "Slovenia"]
[Date "2021.10.22"]
[Round "6.4"]
[White "Krulej, Marko"]
[Black "Zidar, Jernej"]
[Result "0-1"]
[WhiteElo "1631"]
[BlackElo "1684"]
[PlyCount "60"]
[EventDate "2021.09.16"]
[EventType "team-tourn"]
[EventRounds "7"]
[EventCountry "SLO"]
[SourceTitle "EXT 2024"]
[Source "ChessBase"]
[SourceDate "2023.10.10"]
[SourceVersion "1"]
[SourceVersionDate "2023.10.10"]
[SourceQuality "1"]
[WhiteTeam "Crni Graben"]
[BlackTeam "Komenda Popotnik"]
[WhiteTeamCountry "SLO"]
[BlackTeamCountry "SLO"]

1. e4 c5 2. d3 Nc6 3. Nf3 d6 4. g3 g6 5. c3 Bg7 6. Bg2 b5 7. 0-0 e6 8. Be3 Nge7 9. Nbd2 0-0 10. h3 b4 11. d4 bxc3 12. bxc3 cxd4 13. cxd4 Ba6 14. Re1 Rb8 15. Nb3 Nb4 16. Bf1 Bxf1 17. Rxf1 Rc8 18. a3 Nc2 19. Ra2 Nxe3 20. fxe3 Rc3 21. Re1 Bh6 22. Rae2 d5 23. Qb1 dxe4 24. Nfd2 Qb8 25. Rc1 Qxg3+ 26. Rg2 Qxe3+ 27. Kh1 Rxc1+ 28. Qxc1 Nf5 29. Qd1 Qxh3+ 30. Rh2 Ng3+ 0-1

[Event "SLO-chT Central 22nd"]
[Site "Slovenia"]
[Date "2021.09.23"]
[Round "2.4"]
[White "Lanjscek, Miha"]
[Black "Krulej, Marko"]
[Result "1/2-1/2"]
[WhiteElo "1743"]
[BlackElo "1631"]
[PlyCount "62"]
[EventDate "2021.09.16"]
[EventType "team-tourn"]
[EventRounds "7"]
[EventCountry "SLO"]
[SourceTitle "EXT 2024"]
[Source "ChessBase"]
[SourceDate "2023.10.10"]
[SourceVersion "1"]
[SourceVersionDate "2023.10.10"]
[SourceQuality "1"]
[WhiteTeam "Trzin Buscotrade"]
[BlackTeam "Crni Graben"]
[WhiteTeamCountry "SLO"]
[BlackTeamCountry "SLO"]

1. d4 d5 2. c4 c6 3. Nf3 e6 4. g3 Nf6 5. Bg2 g6 6. 0-0 Bg7 7. Bg5 Nbd7 8. Qd2 h6 9. Bf4 dxc4 10. a4 g5 11. Be5 0-0 12. Qc2 Nxe5 13. dxe5 Ng4 14. Qxc4 Nxe5 15. Nxe5 Bxe5 16. Nc3 Bg7 17. Rad1 Qe7 18. f4 f6 19. Rd2 Kh8 20. Rfd1 e5 21. fxe5 fxe5 22. Ne4 Be6 23. Qc2 Bd5 24. Nc5 Bxg2 25. Kxg2 b6 26. Ne4 c5 27. Rd7 Qe6 28. b4 c4 29. R7d6 Qf7 30. Rd7 Qe6 31. R7d6 Qf7 1/2-1/2

[Event "SLO-chT Central 22nd"]
[Site "Slovenia"]
[Date "2021.09.16"]
[Round "1.4"]
[White "Krulej, Marko"]
[Black "Juvan, Vid"]
[Result "0-1"]
[WhiteElo "1631"]
[BlackElo "1000"]
[PlyCount "108"]
[EventDate "2021.09.16"]
[EventType "team-tourn"]
[EventRounds "7"]
[EventCountry "SLO"]
[SourceTitle "EXT 2024"]
[Source "ChessBase"]
[SourceDate "2023.10.10"]
[SourceVersion "1"]
[SourceVersionDate "2023.10.10"]
[SourceQuality "1"]
[WhiteTeam "Crni Graben"]
[BlackTeam "Ljubljana SK"]
[WhiteTeamCountry "SLO"]
[BlackTeamCountry "SLO"]

1. e4 c6 2. d3 d5 3. Nc3 d4 4. Nce2 e5 5. Nf3 f6 6. g3 Bg4 7. Bg2 Nd7 8. 0-0 Bd6 9. Kh1 Ne7 10. h3 Bh5 11. Nh2 Qc7 12. g4 Bf7 13. c3 0-0-0 14. Ng3 g6 15. a3 h5 16. g5 h4 17. Ne2 f5 18. c4 c5 19. Qa4 Nc6 20. Bd2 Be7 21. b4 Nb6 22. Qb3 f4 23. Nf3 Rh5 24. b5 Nb8 25. a4 Bxg5 26. a5 Na8 27. Rfb1 Qd6 28. Qd1 Nd7 29. Neg1 Be7 30. Nh2 Nc7 31. Bf3 Rh7 32. Bg4 Be6 33. f3 Bxg4 34. Nxg4 Ne8 35. Qb3 Nef6 36. Qd1 Nh5 37. Kg2 Ndf6 38. Qe1 Nxg4 39. fxg4 Ng7 40. Nf3 Ne6 41. Qf2 Rf8 42. Rf1 Ng5 43. Qe2 Nf7 44. Be1 Qe6 45. Bf2 Nh6 46. Qe1 Nxg4 47. Nxd4 exd4 48. hxg4 Qxg4+ 49. Kh2 f3 50. Rg1 Bd6+ 51. e5 Qf4+ 52. Kh3 Bxe5 53. Qe4 Qh2+ 54. Kg4 Rf4+ 0-1